| 000 | 00608nam a2200169Ia 4500 | ||
|---|---|---|---|
| 005 | 20250508151753.0 | ||
| 008 | 008 250505s9999 xx 000 0 eng d | ||
| 037 | _aBooks to be hide in OPAC | ||
| 040 |
_aFEDL _beng _cFEDL |
||
| 041 |
_aeng _2eng |
||
| 084 |
_a351.2, IND/O _qFEDL |
||
| 245 | 0 | _aAll-India civil list : A complete diretory of the Indian civil and administrtive services and other higher services under the union and the state Governments (As corrected up to 1st April 1955) | |
| 260 | _c1956 | ||
| 300 | _av,646p. | ||
| 942 |
_cHB _h351.2, IND/O |
||
| 999 |
_c1332049 _d1332049 |
||